000 00688cam a22002413a 4500
001 28244
003 PGUSA
005 20140828083617.0
008 090304s2009||||xxu|||||s|||||000 1 eng d
040 _aPGUSA
_beng
042 _adc
050 4 _aPS
100 1 _aChambers, Robert W.
_q(Robert William),
_d1865-1933
245 1 4 _aThe Gay Rebellion
_h[electronic resource] /
_cRobert W. Chambers
260 _bProject Gutenberg,
_c2009
506 _aPublic domain in the USA.
516 _aElectronic text
653 _aScience fiction
700 1 _aFrederick, Edmund,
_d1870-
830 0 _aProject Gutenberg
_v28244
856 4 0 _uhttp://www.gutenberg.org/ebooks/28244
942 _cEB
999 _c257499
_d257499